Elle m'a dit - Paroles - Cali - Statistiques

Statistiques générales
  • Ce quiz a été pris 22 fois
    5 depuis la dernière actualisation
  • Le résultat moyen est 256 sur 286
Statistiques - réponses
Réponse % Correct
a
100%
à
100%
A
100%
avec
100%
bouillons
100%
ça
100%
Ca
100%
ca
100%
cadavre
100%
comme
100%
Comme
100%
coup
100%
crois
100%
dans
100%
de
100%
De
100%
des
100%
dessert
100%
dit
100%
doigts
100%
du
100%
elle
100%
Elle
100%
entre
100%
est
100%
et
100%
fais
100%
fromage
100%
gros
100%
hier
100%
Je
100%
je
100%
la
100%
100%
l'air
100%
l'amour
100%
le
100%
lui
100%
m'a
100%
ma
100%
me
100%
mer
100%
mes
100%
mon
100%
ne
100%
Ne
100%
papier
100%
peau
100%
pense
100%
pleure
100%
plus
100%
Quand
100%
que
100%
revolver
100%
Sans
100%
sous
100%
Sous
100%
Ta
100%
t'aime
100%
toi
100%
un
100%
verre
100%
âge
67%
Alors
67%
amour
67%
Arrêtons
67%
au
67%
c'est
67%
cette
67%
claqué
67%
côté
67%
courage
67%
d'amour
67%
devant
67%
d'incendie
67%
d'odeur
67%
éteint
67%
fois
67%
fond
67%
j'ai
67%
Juste
67%
juste
67%
lèvres
67%
marbre
67%
miens
67%
mouche
67%
Mourir
67%
n'ai
67%
n'as
67%
n'est
67%
notre
67%
oignon
67%
pas
67%
pour
67%
raison
67%
regarde
67%
relève
67%
Relève
67%
rien
67%
robe
67%
son
67%
sont
67%
te
67%
télé
67%
t'en
67%
tes
67%
tombe
67%
tonnerre
67%
trouvé
67%
Tu
67%
ventre
67%
veux
67%
vois
67%
était
33%
jeté
33%
jeter
33%
laissent
33%
pété
33%
traces
33%
vieux
33%
fenêtre
0%
froid
0%
Par
0%
sang
0%
Aucun quiz correspondant
Distribution des résultats
% des personnes avec chaque résultat
Percentile par nombre de réponses
Votre historique - résultats
Vous n’avez pas pris ce quiz depuis la dernière actualisation